The Temple of the Golden Pavillion
Gardado en:
| Autor Principal: | |
|---|---|
| Formato: | Libro |
| Idioma: | Undetermined |
| Publicado: |
London
Everyman's Library
1994
|
| Những chủ đề: | |
| Các nhãn: |
Engadir etiqueta
Sen Etiquetas, Sexa o primeiro en etiquetar este rexistro!
|
| Thư viện lưu trữ: | Trung tâm Học liệu Trường Đại học Cần Thơ |
|---|
| LEADER | 00464nam a2200169Ia 4500 | ||
|---|---|---|---|
| 001 | CTU_47273 | ||
| 008 | 210402s9999 xx 000 0 und d | ||
| 082 | |a 895.63 | ||
| 082 | |b M678 | ||
| 100 | |a Yukio Mishima | ||
| 245 | 4 | |a The Temple of the Golden Pavillion | |
| 245 | 0 | |c Yukio Mishima, Ivan Morris | |
| 260 | |a London | ||
| 260 | |b Everyman's Library | ||
| 260 | |c 1994 | ||
| 650 | |a japanese fiction | ||
| 980 | |a Trung tâm Học liệu Trường Đại học Cần Thơ | ||